000 00549nam a2200169Ia 4500
003 GCL
008 140319s9999 xx 000 0 ara d
040 _aGCL /
_cGCL
082 0 4 _a491.5103
_bم م
100 1 _aمحمد التونجى
245 1 0 _aالمعجم الفارسى العربى الموجز /
_cمحمد التونجى
300 _a320 ص
490 _aالهيئة العامة للاستعلامات
_v0
650 0 4 _aاللغة الفارسية - معاجم
650 0 4 _aاللغة العربية - معاجم
942 _2ddc
_cBK
999 _c52094
_d52094